000
00248nam a2200109Ia 4500
005
20251222152649.0
008
251222s9999||||xx |||||||||||||| ||spa||
082
_a
800/G77
100
_a
Grassia, Filippo
245
0
_a
La Grande Partita
942
_c
LIB
999
_c
28395
_d
28395